|
|
|
|
| LEADER |
00000nab a2200000uu 4500 |
| 001 |
vtls010911209 |
| 003 |
SK-MaSNL |
| 005 |
20260303172020.0 |
| 008 |
230121|2012 xo |||||||||||||||||slo| |
| 015 |
|
|
|a SNBRB
|
| 035 |
|
|
|a (urnnbn)urn:nbn:sk:snk:ar-a084u7
|
| 035 |
|
|
|a (uuid)0344c9c5-8cd5-43b0-9b24-b98b82f2f13e
|
| 035 |
|
|
|a urn:nbn:sk:snk-ab90gt
|
| 040 |
|
|
|a SNKBUCL
|b slo
|c SNKBUCL
|e AACR2
|
| 041 |
0 |
|
|a slo
|
| 044 |
|
|
|a xo
|c SK
|
| 100 |
1 |
|
|a Klokner, Tomáš,
|d 1986-
|4 aut
|9 228825
|
| 245 |
1 |
0 |
|a PALME, Bernhard (Hrsg.). DIE LEGIONÄRE DES KAISERS. Soldatenleben im römischen Ägypten
|c Tomáš Klokner
|
| 773 |
0 |
|
|t Vojenská história : časopis pre vojenskú históriu, múzejníctvo a archívnictvo
|g Roč. 16, č. 2 (2012), s. 221-224
|
| 954 |
|
|
|a odborná, vedecká literatúra pôvodná (slovenská)
|2 lita
|
| 958 |
|
|
|a OND
|
| 958 |
|
|
|a EUIPO
|
| 958 |
|
|
|a article10
|
| 999 |
|
|
|c 2084521
|d 2086451
|